| 000 | 02645nkm0a2200445 4500 | ||
|---|---|---|---|
| 001 | RU\NLR\BIBL_A\022376017 | ||
| 005 | 20251228051604.0 | ||
| 035 | _a(NLR Aleph) 022376017 | ||
| 090 |
_a13509162 _c13509162 |
||
| 100 | _a20241107d1917 u y0rusy50 ca | ||
| 101 | 0 |
_alat _arus |
|
| 102 | _aRU | ||
| 116 | _aiiyaxx bk zz | ||
| 135 | _acrcn 024anaba | ||
| 181 | 0 |
_ab4 _bxb2e |
|
| 182 | 0 | _an | |
| 200 | 1 |
_aEx libry Г. А. Макарова _e[экслибрис] |
|
| 203 |
_aИзображение _bнеподвижное _bдвухмерное _bвизуальное _cнепосредственное |
||
| 210 |
_a[Б. м. _d1917] |
||
| 215 |
_a1 л. _cцинкогр. _d4,8х3,5 ; 7х5,9 |
||
| 316 |
_aЭкз. РНБ на шифре Э ЛерЭксО649/М152, Экс2328: из собрания М. Я. Лермана. На паспарту рукоп. записи карандашом - источник сведений о владельце и художнике _5NLR: Э ЛерЭксО649/М152 |
||
| 325 | _aКопия доступна в Электрон. б-ке РНБ | ||
| 327 | 0 | _aВ круге надпись: "ЛОГОС" | |
| 606 | 1 |
_aЭкслибрисы русские советские _92426808 _3RU\NLR\AUTH\661444779 |
|
| 686 | 1 | _aЩ153(2Р=Рус)7-487 | |
| 700 | 1 |
_aОргусаар _bЯ. _f1889-? _gЯн _4150 |
|
| 702 | 1 |
_4280 _aМакаров _bГ. А. _cд-р медицины, военврач _f1870- _gГавриил Андреевич _9231011 _3RU\NLR\AUTH\770231067 |
|
| 702 | 1 |
_4390 _7ca _8rus _aЛерман _bМ. Я. _f1884-1942 _gМихаил Яковлевич _9253728 _3RU\NLR\AUTH\770253784 |
|
| 830 | _aИсточник датировки и сведений о владельце: Розенбладт Е. А. Художественные экслибрисы частных лиц России, а также экслибрисы, выполненные для иностранцев, причастных к нашей истории, в XIX –первой половине XX века. (Наш коллекционный эвр). СПб., 2014. С. 381. ОМ ОЭФ | ||
| 852 | 0 | 0 |
_aNLR _bЭ _jЛерЭксО649/М152 _mЭкс2328 |
| 856 | 0 | _uhttps://vivaldi.nlr.ru/lp500006840/view | |
| 856 | 1 | _uhttps://vivaldi.nlr.ru/lp500006840/cover | |
| 856 | 2 | _uhttps://vivaldi.nlr.ru/lp500006840/text | |
| 942 | _cVISUAL | ||
| 980 | _aNB | ||
| 981 | 1 | 7 |
_a(17) Изографические материалы _b(17) Экслибрисы |